Central Library OPAC University of Rajshahi

বাংলাদেশ: (Record no. 54981)

MARC details
000 -LEADER
fixed length control field 00988nam a2200241 a 4500
001 - CONTROL NUMBER
control field 54981
003 - CONTROL NUMBER IDENTIFIER
rucl marc code BD-RjUL
005 - DATE AND TIME OF LATEST TRANSACTION
control field 20211209080210.0
008 - FIXED-LENGTH DATA ELEMENTS--GENERAL INFORMATION
fixed length control field 161113s1998 xxu||||| |||| 00| 0 ben d
020 ## - INTERNATIONAL STANDARD BOOK NUMBER
International Standard Book Number 98441000
Terms of availability : TK 200.00
035 ## - SYSTEM CONTROL NUMBER
System control number (BD-RjUL)55103
040 ## - CATALOGING SOURCE
Original cataloging agency BD-RjUL
Language of cataloging eng/ben
Transcribing agency BD-RjUL
041 ## - LANGUAGE CODE
Language code of text/sound track or separate title ben
082 ## - DEWEY DECIMAL CLASSIFICATION NUMBER
Edition number 23
Classification number 320.95492
Author mark and year BAG V-1 1998
245 00 - TITLE STATEMENT
Title বাংলাদেশ:
Remainder of title রাজনীতির ২৫ বছর /
Statement of responsibility, etc. সম্পাদনা তারেক শামসুর রেহমান.
260 ## - PUBLICATION, DISTRIBUTION, ETC. (IMPRINT)
Place of publication, distribution, etc. ঢাকা :
Name of publisher, distributor, etc. মাওলা ব্রাদার্স,
Date of publication, distribution, etc. ১৯৯৮
300 ## - PHYSICAL DESCRIPTION
Pagination খণ্ড. ;
Size ২১ সেমি.
505 0# - FORMATTED CONTENTS NOTE
Formatted contents note খণ্ড ১ --
650 ## - SUBJECT ADDED ENTRY--TOPICAL TERM
Topical term or geographic name as entry element রাজনীতি
Form subdivision ইতিহাস
Geographic subdivision বাংলাদেশ
9 (RLIN) 230223
Topical term or geographic name as entry element Politics
Form subdivision History
Geographic subdivision Bangladesh
9 (RLIN) 230224
700 ## - ADDED ENTRY--PERSONAL NAME
Personal name রেহমান, তারেক শামসুর, সম্পাদক
942 ## - ADDED ENTRY ELEMENTS (KOHA)
Source of classification or shelving scheme Dewey Decimal Classification
Koha item type Books
Holdings
Lost status Source of classification or shelving scheme Damaged status Not for loan Collection code Permanent Location Current Location Shelving location Date acquired Source of acquisition Cost, normal purchase price Total Checkouts Full call number Date last seen Date checked out Copy number Koha item type
  Dewey Decimal Classification     Non-fiction Central Library, University of Rajshahi Central Library, University of Rajshahi   25/07/1998 Political Science Department, R.U. 200.00 6 B 320.95492 BAG V-1 1998 04/12/2024 18/11/2024 C-2 Books
  Dewey Decimal Classification   Not For Loan Non-fiction Central Library, University of Rajshahi Central Library, University of Rajshahi Reading Room 25/07/1998 R.U.C.L. 200.00   B 320.95492 BAG V-1 1998 07/03/2017   C-1 Books